Flag Quiz in 30 Seconds - Statistics

General Stats
  • This quiz has been taken 21 times
  • The average score is 9 of 10
Answer Stats
Picture Answer % Correct
Canada
100%
Ireland
100%
New Zealand
100%
morocco
95%
Uruguay
89%
Georgia
84%
North Korea
84%
Estonia
79%
Cambodia
68%
Ecuador
63%
No matching quizzes found
Score Distribution
Percent of People with Each Score
Percentile by Number Answered
Your Score History
You have not taken this quiz